000
00320nam a22001457a 4500
008
180814b xxu||||| |||| 00| 0 eng d
020
_a
9780071777490
041
_a
eng
080
_a
573
082
_a
573
100
_a
11
101
_a
BIO
245
_a
Molecular and cell biology
_c
Stansfield.W.D
942
_2
udc
_c
BK
999
_c
47149
_d
47149